[Event "Mechanics' Spring TNM; G/2"]
[Site "San Francisco"]
[Date "2017.04.25"]
[Round "7.35"]
[White "Capdeville, Barry"]
[Black "Starr, Albert Martin"]
[Result "1-0"]
[WhiteElo "1177"]
[BlackElo "1571"]
[PlyCount "49"]
[EventDate "2017.??.??"]

1. e4 e5 2. Nf3 Nf6 3. Nxe5 d6 4. Nf3 Nxe4 5. d4 d5 6. Bd3 Be7 7. h3 O-O 8. O-O
h6 9. Bf4 Re8 10. Nbd2 Bf6 11. Ne5 Bf5 12. Re1 Nd6 13. Nf1 Bxd3 14. cxd3 c6 15.
Ng3 Nd7 16. Qg4 g5 17. Nxd7 Rxe1+ 18. Rxe1 Ne8 19. Nf5 Kh7 20. Rxe8 Qxd7 21.
Rxa8 Qe6 22. Nxh6 Qe1+ 23. Kh2 Qxf2 24. Qf5+ Kxh6 25. Qxf6+ 1-0

[Event "Mechanics' Peter Grey TNM; G/2 d5"]
[Site "San Francisco"]
[Date "2017.08.22"]
[Round "3.33"]
[White "Capdeville, Barry"]
[Black "Stolpe, Samuel"]
[Result "0-1"]
[WhiteElo "1264"]
[BlackElo "1706"]
[PlyCount "48"]
[EventDate "2017.??.??"]

1. e4 e6 2. d4 d5 3. Nc3 dxe4 4. Nxe4 Nd7 5. Nf3 Ngf6 6. Ng3 c5 7. Bf4 cxd4 8.
Ne5 Nxe5 9. Bxe5 Qa5+ 10. c3 Qxe5+ 11. Be2 dxc3 12. O-O cxb2 13. Rb1 Bd7 14.
Qb3 Be7 15. f4 Qc5+ 16. Kh1 O-O 17. Qxb2 Bc6 18. Rbc1 Qa5 19. Qb3 Rad8 20. Bd3
Qd2 21. Be2 Qb4 22. Qc2 Rd2 23. Rb1 Rxc2 24. Rxb4 Bxb4 0-1

[Event "Mechanics' Summer TNM; G/2 d5"]
[Site "San Francisco"]
[Date "2017.05.30"]
[Round "2.33"]
[White "Capdeville, Barry"]
[Black "Torres, Julian"]
[Result "1-0"]
[WhiteElo "1177"]
[BlackElo "1589"]
[PlyCount "73"]
[EventDate "2017.??.??"]

1. e4 Nf6 2. e5 Nd5 3. c4 Nb4 4. d4 d5 5. a3 N4c6 6. cxd5 Qxd5 7. Be3 Nxe5 8.
Nc3 Qd8 9. dxe5 Nc6 10. Qxd8+ Nxd8 11. Nb5 Ne6 12. Bc4 c6 13. Bxe6 cxb5 14.
Bxc8 Rxc8 15. Bxa7 g6 16. Nf3 e6 17. Rd1 b4 18. a4 Ra8 19. Bb6 Rxa4 20. Rd8+
Ke7 21. O-O f6 22. exf6+ Kxf6 23. Bd4+ Ke7 24. Rb8 Rg8 25. Rxb7+ Kd6 26. Be5+
Kc6 27. Rc7+ Kb6 28. Rfc1 Ra5 29. R1c6+ Kb5 30. Nd4+ Ka4 31. b3+ Ka3 32. Bf4
Bc5 33. Rxc5 Rxc5 34. Rxc5 Rd8 35. Bc1+ Ka2 36. Be3 e5 37. Rxe5 1-0

[Event "Mechanics' Summer TNM; G/2 d5"]
[Site "San Francisco"]
[Date "2017.06.13"]
[Round "4.36"]
[White "Capdeville, Barry"]
[Black "Touset, Stephen Ka"]
[Result "0-1"]
[WhiteElo "1177"]
[BlackElo "1513"]
[PlyCount "43"]
[EventDate "2017.??.??"]

1. e4 d6 2. d4 Nf6 3. Nc3 e5 4. Nf3 exd4 5. Nxd4 Be7 6. Be2 O-O 7. O-O Re8 8.
Be3 Bf8 9. f3 d5 10. Bd3 c5 11. Nxd5 Nxd5 12. Bf2 Nf4 13. Ne2 Nxd3 14. cxd3 Nc6
15. d4 cxd4 16. Nf4 Be6 17. Nd3 Qf6 18. Qe1 Bc4 19. Bh4 Qd6 20. Bg3 Qd8 21. Qe2
Nb4 22. Rad1 0-1

[Event "Mechanics' Fall TNM; G/2 d5"]
[Site "San Francisco"]
[Date "2017.12.19"]
[Round "9.51"]
[White "Carrel, Nick"]
[Black "Enkhjargal, Gabriel"]
[Result "0-1"]
[WhiteElo "1030"]
[BlackElo "741"]
[Annotator "Donaldson"]
[PlyCount "50"]
[EventDate "2017.??.??"]

1. e4 e5 2. Nf3 Nc6 3. d4 exd4 4. Nxd4 Nf6 5. Nxc6 dxc6 6. Nc3 Bc5 7. Bc4 Qxd1+
8. Nxd1 Nxe4 9. O-O O-O 10. a3 Re8 11. b4 Bd4 12. Ra2 Bc3 13. Nxc3 Nxc3 14. Ra1
Be6 (14... Bf5) 15. Bxe6 fxe6 (15... Rxe6) 16. Re1 Rad8 17. Bg5 Rd7 18. h4 h6
19. Bf4 Rf8 20. Bg3 Nb5 21. Be5 Rf5 22. f4 Nd4 23. Re3 Nxc2 24. g4 Rxe5 25.
Rxe5 Nxa1 0-1

[Event "Mechanics' Fall TNM; G/2 d5"]
[Site "San Francisco"]
[Date "2017.11.14"]
[Round "4.53"]
[White "Carrel, Nick"]
[Black "Olson, David R"]
[Result "0-1"]
[WhiteElo "1030"]
[BlackElo "1400"]
[PlyCount "120"]
[EventDate "2017.??.??"]

1. e4 d6 2. Nf3 g6 3. d4 Bg7 4. Be3 Nf6 5. Nc3 O-O 6. Bd3 Ng4 7. Qe2 Nxe3 8.
Qxe3 e5 9. d5 Nd7 10. Be2 Nb6 11. Nd2 f5 12. Nc4 f4 13. Qd2 Nd7 14. O-O-O Nc5
15. f3 a6 16. g4 Bd7 17. Bd3 Qh4 18. Qe1 Nxd3+ 19. cxd3 Qh3 20. Qf1 Qh4 21. h3
a5 22. Qe1 Qxe1 23. Rhxe1 b5 24. Nd2 b4 25. Ncb1 g5 26. Nb3 Rfc8 27. d4 a4 28.
N3d2 exd4 29. a3 c5 30. e5 dxe5 31. Nc4 Ra6 32. d6 Be6 33. Nxe5 Rxd6 34. Re4
Bd5 35. Nc4 Re6 36. Rxe6 Bxe6 37. Nd6 Rc6 38. Ne4 Bd5 39. Nxg5 b3 40. Re1 Rc8
41. Kd2 c4 42. h4 h6 43. Nh3 Bxf3 44. Nxf4 Bxg4 45. Ng6 Rc7 46. Re8+ Kf7 47.
Re4 Bf5 48. Ne5+ Bxe5 49. Rxe5 Bxb1 50. Rh5 Rc6 51. Ra5 c3+ 52. Kc1 Rc4 53.
Kxb1 c2+ 54. Kc1 d3 55. Rf5+ Ke6 56. Rf2 Rxh4 57. Rf1 Rh2 58. Re1+ Re2 59. Rd1
d2+ 60. Rxd2 Re1+ 0-1

[Event "Mechanics' Fall TNM; G/2 d5"]
[Site "San Francisco"]
[Date "2017.12.05"]
[Round "7.53"]
[White "Carrel, Nick"]
[Black "Weingarden, Daniel"]
[Result "0-1"]
[WhiteElo "1030"]
[BlackElo "1604"]
[PlyCount "62"]
[EventDate "2017.??.??"]

1. e4 c5 2. Nf3 Nc6 3. d4 cxd4 4. Nxd4 d6 5. Nxc6 bxc6 6. Bc4 e5 7. Qf3 Qf6 8.
Qe2 Be6 9. Nd2 Ne7 10. Nf3 h6 11. Bd3 Ng6 12. Be3 Nf4 13. Bxf4 Qxf4 14. Bc4 Bg4
15. Qe3 Bxf3 16. gxf3 Be7 17. Qxf4 exf4 18. O-O-O O-O 19. Rdg1 h5 20. h4 Bf6
21. Rg2 a5 22. Bb3 $2 a4 23. Bc4 Rfd8 24. a3 d5 25. Ba2 d4 (25... Rdb8) 26. Kb1
Rab8 27. Bc4 d3 28. cxd3 Rxb2+ 29. Kc1 Rdb8 30. Rhg1 Rb1+ 31. Kd2 R8b2# 0-1

[Event "Mechanics' Fall TNM; G/2 d5"]
[Site "San Francisco"]
[Date "2017.11.21"]
[Round "5.49"]
[White "Carrel, Nick"]
[Black "Zulkhuu, Jamyandagva"]
[Result "0-1"]
[WhiteElo "1030"]
[BlackElo "935"]
[PlyCount "96"]
[EventDate "2017.??.??"]

1. e4 e5 2. Nf3 Nc6 3. d4 Nf6 4. Bg5 Be7 5. Bxf6 Bxf6 6. dxe5 Nxe5 7. Nbd2 b6
8. Bd3 Bb7 9. Qe2 d6 10. Bb5+ c6 11. Ba6 Bxa6 12. Qxa6 Nxf3+ 13. Nxf3 O-O 14.
O-O Bxb2 15. Rae1 Re8 16. Nd2 Bc3 17. Re2 Bxd2 18. Rxd2 Rxe4 19. Re2 Rxe2 20.
Qxe2 h6 21. Qf3 c5 22. a4 a5 23. c4 Ra7 24. Qe4 Re7 25. Qh4 Re8 26. Qxd8 Rxd8
27. Re1 Kf8 28. f4 f6 29. Rb1 Rb8 30. Kf2 Kf7 31. h4 Ke6 32. g4 f5 33. g5 h5
34. Re1+ Kd7 35. g6 Rf8 36. Rb1 Kc6 37. Ke2 Re8+ 38. Kd2 Re4 39. Rg1 Rxf4 40.
Rg5 Rxh4 41. Rxf5 Rg4 42. Rxh5 Rxg6 43. Rh8 Rg4 44. Rc8+ Kd7 45. Rb8 Kc7 46.
Re8 Rxc4 47. Re7+ Kc6 48. Rxg7 Rxa4 0-1

[Event "Mechanics' Peter Grey TNM; G/2 d5"]
[Site "San Francisco"]
[Date "2017.09.12"]
[Round "6.46"]
[White "Carrel, Nick Klavert"]
[Black "Yamamoto, Craig"]
[Result "0-1"]
[WhiteElo "1192"]
[BlackElo "1600"]
[Annotator "Donaldson"]
[PlyCount "94"]
[EventDate "2017.??.??"]

1. e4 c5 2. Nc3 Nc6 3. Nf3 e5 4. Bc4 d6 5. d3 a6 6. Bg5 Be7 7. Nd5 $2 Bxg5 8.
Nxg5 Na5 (8... b5 9. Bb3 Qxg5 10. Nc7+ Kd8 11. Nxa8 Qxg2 12. Kd2 Qg5+ 13. Ke1
Nd4 $1 $19) 9. Qf3 f6 10. Nxf6+ $2 gxf6 $2 (10... Qxf6 $1) 11. Nf7 Qe7 12. Nxh8
(12. Bd5 $1) 12... Nxc4 13. Qh5+ Kf8 14. dxc4 Qg7 15. O-O Bg4 16. Qh4 Be2 17.
Rfe1 Bxc4 18. Rab1 Qxh8 19. b3 Be6 20. f4 Qg7 21. f5 Bf7 22. c4 b5 23. Re3 bxc4
24. bxc4 Bxc4 25. Rb6 Rd8 26. Ra3 Bb5 27. Rb3 Qc7 28. a4 Qxb6 29. axb5 axb5 30.
Rg3 Qb7 31. Qg4 Qf7 32. h4 Ne7 33. h5 Nc6 34. h6 Rd7 35. Qg7+ Qxg7 36. hxg7+
Rxg7 37. Ra3 Ra7 38. Rh3 b4 39. g4 Nd4 40. Kf1 b3 41. Rh6 b2 42. Rxf6+ Ke7 43.
g5 b1=Q+ 44. Kg2 Ra2+ 45. Kh3 Qb3+ 46. Kh4 Rh2+ 47. Kg4 Qh3# 0-1

[Event "Mechanics' Summer TNM; G/2 d5"]
[Site "San Francisco"]
[Date "2017.06.20"]
[Round "5.31"]
[White "Carter, Evan"]
[Black "McCarty-Snead, Callaghan"]
[Result "0-1"]
[WhiteElo "1378"]
[BlackElo "1718"]
[PlyCount "84"]
[EventDate "2017.??.??"]

1. e4 e5 2. Nf3 Nc6 3. c3 Nf6 4. Qc2 Be7 5. a3 O-O 6. d4 exd4 7. cxd4 d6 8. b3
Re8 9. Be2 Bf8 10. Nbd2 h6 11. O-O Bg4 12. Bb2 Bxf3 13. Bxf3 g6 14. Rac1 Re7
15. b4 Bg7 16. b5 Na5 17. Bc3 b6 18. Rfe1 Nh7 19. e5 Rb8 20. Qa2 Ng5 21. Bd5
dxe5 22. dxe5 Rd7 23. Bf3 Nxf3+ 24. Nxf3 Rd3 25. Bb4 Qd5 26. Qc2 Rc8 27. Qe2 c5
28. Bc3 Nb3 29. Rcd1 c4 30. Bb4 Rd8 31. Bd6 Bf8 32. Qc2 Bxd6 33. exd6 Rxd6 34.
Rxd3 Qxd3 35. Qb2 Nd4 36. Nxd4 Qxd4 37. Qe2 Qd2 38. Qe7 c3 39. Re2 Qc1+ 40. Re1
Qxe1+ 41. Qxe1 c2 42. h4 Rd1 0-1

[Event "Mechanics' Peter Grey TNM; G/2 d5"]
[Site "San Francisco"]
[Date "2017.09.12"]
[Round "6.32"]
[White "Casares Jr, Nick"]
[Black "Bennett, Tavis Lee"]
[Result "0-1"]
[WhiteElo "1600"]
[BlackElo "1460"]
[PlyCount "74"]
[EventDate "2017.??.??"]

1. e4 e5 2. f4 Nc6 3. Nf3 d6 4. Bc4 h6 5. c3 Qf6 6. O-O exf4 7. d4 Bg4 8. Qb3
b6 9. Bb5 Bd7 10. d5 Nb8 11. Nd4 g5 12. Bxd7+ Nxd7 13. Qa4 a6 14. Nd2 Ne7 15.
Nc4 Kd8 16. Qc2 Bg7 17. Bd2 Qg6 18. Rae1 Bxd4+ 19. cxd4 Nxd5 20. Qb3 N5f6 21.
e5 dxe5 22. Nxe5 Nxe5 23. dxe5 Nd7 24. Qd5 $2 (24. e6) 24... c6 25. Qd4 Re8 26.
Bc3 Qe6 27. Rd1 Kc7 28. Qf2 Nxe5 29. Rfe1 f6 30. a4 Rad8 31. Rxd8 Rxd8 32. a5
Qb3 33. axb6+ Qxb6 34. Ba5 Qxa5 35. Qa7+ Kd6 36. Qd4+ Qd5 37. Qb6 Qc5+ 0-1

[Event "Mechanics' Spring TNM; G/2"]
[Site "San Francisco"]
[Date "2017.03.28"]
[Round "3.22"]
[White "Casares Jr, Nick"]
[Black "Brown, Nicholas M"]
[Result "1-0"]
[WhiteElo "1600"]
[BlackElo "1528"]
[PlyCount "99"]
[EventDate "2017.??.??"]

1. e4 c6 2. d4 d5 3. exd5 cxd5 4. c4 Nf6 5. c5 $6 {
Jacobsen, in his column, refers to this as the Steinitz attack.} (5. Nc3) 5...
Bf5 $5 (5... e5 $1 6. Be3 exd4 7. Bxd4 Nc6 8. Bb5 Be7 {Â1/2-Â1/2 (34) Reti,
Spiel, Nyholm & Olsen vs. Rubinstein, Bogo, G & L Collijn, consultation game,
Stockholm 1920 (The Whites were teetering on defeat.)}) 6. Bb5+ (6. Nf3) 6...
Nc6 (6... Bd7 {is allowed}) 7. b4 $6 e6 (7... a5 $1 {
White isn't ready for this!} 8. Bxc6+ bxc6 9. b5 cxb5 $15) 8. Qa4 Qc8 9. Nf3 a6
{Black pushes back!} (9... Nd7) 10. Be2 (10. Bxc6+ Qxc6 11. Qxc6+ bxc6 12. Ne5
Rc8 13. Nc3 Nd7) 10... Be7 11. Nh4 $2 {White is too strung out for this.} Bg4
$6 (11... e5 $1 $17 {already!} 12. Nxf5 Qxf5 13. Bb2 O-O 14. dxe5 a5 $1) 12. f3
$2 (12. Bxg4 Nxg4 13. Nf3 O-O 14. Nc3 b5 $15) 12... Bh5 (12... Nd7 $1 $19 13.
fxg4 Bxh4+ 14. g3 Bf6) 13. O-O $2 (13. Bg5) (13. Be3) 13... O-O (13... Nd7 $1
$19) 14. Be3 Nd7 15. g3 $6 (15. Bf2 Qd8 16. g3) 15... Bxh4 (15... Bf6 $1 16.
Qd1 e5) 16. gxh4 Ne7 (16... e5 $1) 17. Qd1 Nf5 18. Bf2 Qd8 19. Qe1 $6 Qf6 20.
Nd2 Nxd4 21. Bxd4 Qxd4+ 22. Kh1 Qf6 (22... Qxb4 {two for one, leaving Black up
two -- NOT TO MENTION that charming rubble on the kingside}) 23. f4 Bxe2 24.
Qxe2 Qxh4 {Well okay, but not the most valuable pawn (I'd rather get rid of
White's one plus, the b4/c5 structure).} 25. Qe3 Nf6 26. Nf3 Qh6 27. Rg1 Nh5
28. Rg4 g6 29. Rag1 Qg7 30. Ne5 Nf6 31. Rh4 Rfd8 32. Qd4 Nd7 33. Qe3 Nxe5 {
(I'd have put my knight on e4 and then kicked his knight out of e5 with one of
my extra pawns.)} 34. fxe5 Rd7 35. Rd4 Rc7 36. Rc1 Qf8 37. a4 a5 {
Now White is coming undone on the queenside as well...} 38. Qa3 axb4 39. Qxb4
Rac8 40. Qb6 Rxc5 41. Rb1 Rc1+ 42. Rd1 Rxd1+ 43. Rxd1 Qe7 44. Rb1 Ra8 (44...
Rc2 $1 {Might as well go after White's king...}) 45. a5 Ra6 46. Qb5 Qd8 47.
Qxb7 Rxa5 48. Rc1 d4 $4 (48... Qh4 49. Rf1 Qe4+ 50. Kg1 Qd4+ 51. Kh1 Ra7) (
48... Ra8) (48... Kg7) 49. Rc8 Ra1+ 50. Kg2 1-0

[Event "Mechanics' Fall TNM; G/2 d5"]
[Site "San Francisco"]
[Date "2017.10.31"]
[Round "2.36"]
[White "Casares Jr, Nick"]
[Black "Carrel, Nick"]
[Result "1-0"]
[WhiteElo "1600"]
[BlackElo "1030"]
[PlyCount "77"]
[EventDate "2017.??.??"]

1. e4 c5 2. Nf3 d6 3. d4 Nf6 4. Nc3 a6 5. dxc5 dxc5 6. Qxd8+ Kxd8 7. Ng5 Ke8 8.
e5 Ng4 9. f4 e6 10. Be2 f5 11. Bc4 Ke7 12. h3 b5 13. Be2 Bb7 14. O-O h6 15. Nf3
b4 16. Na4 Nd7 17. hxg4 Bc6 18. b3 Bb5 19. c4 bxc3 20. Nxc3 Bxe2 21. Nxe2 fxg4
22. Nh4 g5 23. Ng6+ Ke8 24. Nxh8 Bg7 25. Ng6 gxf4 26. Bxf4 Kf7 27. Nh4 h5 28.
Rad1 Nxe5 29. Bxe5+ Kg8 30. Bxg7 Kxg7 31. Rd7+ Kh6 32. Rff7 Kg5 33. g3 a5 34.
Rde7 Ra6 35. Rg7+ Kf6 36. Nf4 a4 37. Rxe6+ Kxg7 38. Rxa6 axb3 39. axb3 1-0

[Event "Mechanics' Fall TNM; G/2 d5"]
[Site "San Francisco"]
[Date "2017.12.19"]
[Round "9.46"]
[White "Casares Jr, Nick"]
[Black "Cendejas, Jon Rodo"]
[Result "1-0"]
[WhiteElo "1600"]
[BlackElo "407"]
[PlyCount "38"]
[EventDate "2017.??.??"]

1. e4 e5 2. Nf3 Nc6 3. Bc4 Nf6 4. d3 h6 5. O-O Be7 6. Nc3 O-O 7. d4 Nxe4 8.
Nxe4 d5 9. Bxd5 Qxd5 10. Qd3 exd4 11. Be3 Bf5 12. Nfd2 Rad8 13. Bf4 Nb4 14. Qg3
Bxe4 15. Bxh6 Bg6 16. c4 dxc3 17. bxc3 gxh6 18. cxb4 Qxd2 19. Rad1 Qxd1 1-0

[Event "Mechanics' Summer TNM; G/2 d5"]
[Site "San Francisco"]
[Date "2017.06.13"]
[Round "4.33"]
[White "Casares Jr, Nick"]
[Black "Crofts, Jacob"]
[Result "0-1"]
[WhiteElo "1611"]
[BlackElo "1421"]
[Annotator "Winslow"]
[PlyCount "92"]
[EventDate "2017.??.??"]

1. e4 c5 2. Nf3 Nc6 3. d4 cxd4 4. Nxd4 g6 5. Nxc6 bxc6 6. Qd4 Nf6 7. e5 Nd5 8.
c4 Nc7 9. e6 f6 10. exd7+ Qxd7 11. Qe3 Bg7 12. Nc3 O-O 13. Be2 e5 14. Ne4 Ne6
15. Nc5 Qe7 16. Nxe6 Bxe6 17. b3 Rfd8 18. Bb2 Rd7 19. O-O Rad8 20. h3 Bf5 21.
Rad1 Bf8 22. Rxd7 Rxd7 23. Rd1 Rxd1+ 24. Bxd1 Qd7 25. Bg4 Bxg4 26. hxg4 Qd1+
27. Kh2 Qc2 28. Bc1 Qxa2 29. Qf3 Qc2 30. Be3 Qd3 31. Qxc6 Qxb3 32. Qe6+ Kg7 33.
g5 fxg5 34. Qxe5+ Kg8 35. Qd5+ Kg7 36. Qe5+ Kg8 37. Qe6+ Kg7 38. Bd4+ (38. Qe5+
{(3-fold repetition)}) 38... Kh6 39. g3 Qf3 40. Qg8 Qf5 41. Be3 a5 42. Qh8 Bc5
43. Qe8 Bxe3 44. Qxe3 Qc2 45. g4 Qxc4 46. Qf3 Qf4+ 0-1

[Event "Mechanics' Summer TNM; G/2 d5"]
[Site "San Francisco"]
[Date "2017.05.23"]
[Round "1.2"]
[White "Casares Jr, Nick"]
[Black "Diaz, Conrado"]
[Result "0-1"]
[WhiteElo "1611"]
[BlackElo "2305"]
[PlyCount "32"]
[EventDate "2017.??.??"]

1. e4 c5 2. Nf3 e6 3. d4 cxd4 4. Nxd4 a6 5. Nc3 Qc7 6. Be3 Bb4 7. Bd2 Bc5 8.
Be3 Nf6 9. f3 O-O 10. Qd2 b5 11. O-O-O d6 12. g4 Nfd7 13. f4 Nb6 14. Bxb5 axb5
15. Ncxb5 Qb7 16. Nc3 Nc4 0-1

[Event "Mechanics' Summer TNM; G/2 d5"]
[Site "San Francisco"]
[Date "2017.07.11"]
[Round "7.35"]
[White "Casares Jr, Nick"]
[Black "Frank, Robert H"]
[Result "1-0"]
[WhiteElo "1611"]
[BlackElo "1200"]
[PlyCount "69"]
[EventDate "2017.??.??"]

1. e4 e5 2. Nf3 Nf6 3. d4 Nxe4 4. dxe5 d5 5. exd6 Bxd6 6. Qd4 Nf6 7. Nc3 Qe7+
8. Be2 Nc6 9. Qd1 Bg4 10. Be3 O-O-O 11. Nd2 Bxe2 12. Qxe2 Rhe8 13. O-O-O Bc5
14. Rhe1 Bxe3 15. fxe3 Ne5 16. h3 Qb4 17. a3 Qc5 18. Qf2 Nc4 19. Nxc4 Qxc4 20.
Rxd8+ Rxd8 21. Rd1 Qe6 22. Rxd8+ Kxd8 23. Qf3 c6 24. Qf4 Nd7 25. Qd4 c5 26. Qf4
Qf6 27. Qc4 Qf2 28. Qe4 f6 29. Kb1 Kc8 30. Qe8+ Kc7 31. Nd5+ Kd6 32. Qe4 Qf1+
33. Ka2 Qb5 34. c4 Qa4 35. Qe7+ 1-0

[Event "Mechanics' Spring TNM; G/2"]
[Site "San Francisco"]
[Date "2017.04.18"]
[Round "6.17"]
[White "Casares Jr, Nick"]
[Black "Kanis, Sierk"]
[Result "0-1"]
[WhiteElo "1600"]
[BlackElo "1897"]
[PlyCount "68"]
[EventDate "2017.??.??"]

1. e4 e6 2. d4 d5 3. e5 c5 4. c3 Nc6 5. Nf3 Qb6 6. Be2 Nge7 7. Na3 Nf5 8. Nc2
Be7 9. O-O Bd7 10. b3 f6 11. Bf4 O-O 12. g4 fxe5 13. Bxe5 Nh6 14. Ne3 Nxe5 15.
Nxe5 Bb5 16. c4 cxd4 17. Nc2 Bf6 18. Nd3 dxc4 19. bxc4 Bxc4 20. Rb1 Qc7 21. f4
Nf7 22. Bf3 Rab8 23. g5 Be7 24. Qd2 e5 25. Bg2 exf4 26. h4 Ne5 27. Be4 f3 28.
Nce1 Nxd3 29. Bxd3 Qg3+ 30. Kh1 Bxd3 31. Qxd3 Qxh4+ 32. Kg1 Qxg5+ 33. Kh1 Qh4+
34. Kg1 f2+ 0-1

[Event "Mechanics' Peter Grey TNM; G/2 d5"]
[Site "San Francisco"]
[Date "2017.10.03"]
[Round "9.32"]
[White "Casares Jr, Nick"]
[Black "Kondakova, Elena"]
[Result "0-1"]
[WhiteElo "1600"]
[BlackElo "1295"]
[Annotator "Donaldson"]
[PlyCount "86"]
[EventDate "2017.??.??"]

1. e4 c5 2. Nf3 Nc6 3. d4 cxd4 4. Nxd4 g6 5. Nc3 Bg7 6. Be3 Nf6 7. f3 $6 (7.
Bc4 O-O 8. Bb3) 7... O-O 8. Bc4 (8. Qd2 d5 $1) (8. Nb3) 8... e6 $5 (8... Qb6 9.
Bb3 Nxe4 10. Nd5 Qa5+ 11. c3 Nc5 12. Nxc6 dxc6 13. Nxe7+ Kh8 14. Nxc8 Raxc8 15.
O-O $11) 9. g4 $2 d5 10. Nxc6 bxc6 11. Bb3 Qd6 $2 (11... Nxg4 $1 12. fxg4 d4
$17) 12. Qd2 Bb7 $11 13. O-O-O Rfd8 $4 {Diagram [#]} 14. e5 $1 Qxe5 15. Bf4 Ne4
16. fxe4 Qf6 17. Bg5 Qe5 18. Bxd8 Rxd8 19. Na4 c5 20. c3 d4 21. Rhe1 Bf6 22.
Kb1 dxc3 23. Qxc3 Qxe4+ 24. Qc2 Qxg4 25. Rxd8+ Bxd8 26. Ka1 Bh4 27. Rd1 Bf3 28.
Rd7 e5 29. Nxc5 Qg1+ 30. Rd1 $4 (30. Qb1 Qxc5 31. Rxf7 Bd5 32. Bxd5 Qxd5 33.
Rxa7 $18) 30... Bxd1 31. Qxd1 Qxc5 32. a3 Qd4 33. Qf3 Qf2 34. Qe4 (34. Bxf7+
Kg7 35. Qxf2 Bxf2 36. Bd5) 34... Qe1+ 35. Qxe1 Bxe1 36. Bd5 Kf8 37. b4 f5 38.
Kb2 Ke7 39. Kb3 Kd6 40. Kc4 e4 41. Bg8 f4 42. Bxh7 f3 43. Bxg6 f2 0-1

[Event "Mechanics' Spring TNM; G/2"]
[Site "San Francisco"]
[Date "2017.05.02"]
[Round "8.23"]
[White "Casares Jr, Nick"]
[Black "McKellar, Daniel"]
[Result "0-1"]
[WhiteElo "1600"]
[BlackElo "1744"]
[Annotator "Donaldson"]
[PlyCount "110"]
[EventDate "2017.??.??"]

1. e4 c5 2. Nf3 g6 3. d4 cxd4 4. Nxd4 Nc6 5. Be3 Bg7 6. Nc3 Nf6 7. f3 O-O 8.
Bc4 (8. Qd2 d5) 8... Qb6 (8... e6 $5) 9. Bb3 Nxe4 (9... Ng4) 10. Nd5 Qa5+ 11.
c3 Nc5 12. Nxc6 dxc6 13. Nxe7+ Kh8 14. Nxc8 Nxb3 $6 (14... Raxc8 15. O-O Rcd8
16. Qc2 Rfe8 17. Bf2 Kg8 $11) 15. axb3 Qe5 16. Kf2 Raxc8 17. Bd4 (17. Rxa7)
17... Qb5 18. c4 Qf5 19. Bxg7+ Kxg7 20. Qd4+ f6 21. Qc3 Rcd8 22. Rhd1 Rxd1 23.
Rxd1 Re8 24. c5 Qe6 25. Re1 $6 Qxe1+ 26. Qxe1 Rxe1 27. Kxe1 Kf7 28. Kd2 Ke6 29.
Kc3 Kd5 (29... a5 $1 30. b4 axb4+ 31. Kxb4 Kd5) 30. b4 h5 (30... a5 31. bxa5
Kxc5 32. f4) 31. Kd3 g5 32. g3 a5 33. bxa5 Kxc5 34. Kc3 (34. Ke4 Kb4 35. Kf5
Kb3 36. Kxf6 Kxb2 37. f4 gxf4 38. gxf4 c5 39. Kg6 c4 40. f5 c3 41. f6 c2 42. f7
c1=Q 43. f8=Q Qg1+ 44. Kh6 Qxh2 45. Qg7+ $11) 34... Kb5 35. Kd4 Kxa5 36. Kc5
Ka4 {Diagram [#]} 37. Kd6 $2 (37. Kb6 $1) 37... Kb3 38. Ke6 Kxb2 39. Kxf6 c5
40. f4 gxf4 41. gxf4 c4 42. Kg7 c3 43. f5 c2 44. f6 c1=Q 45. f7 Qg5+ 46. Kh8
Qh6+ 47. Kg8 Qg6+ 48. Kf8 Kc3 49. h4 b5 50. Ke7 Qg7 51. Ke8 Qe5+ 52. Kf8 b4 53.
Kg8 Qb8+ 54. Kg7 b3 55. f8=Q Qxf8+ 0-1

[Event "Mechanics' Peter Grey TNM; G/2 d5"]
[Site "San Francisco"]
[Date "2017.08.15"]
[Round "2.12"]
[White "Casares Jr, Nick"]
[Black "Sarafian, Greg"]
[Result "0-1"]
[WhiteElo "1600"]
[BlackElo "1952"]
[PlyCount "79"]
[EventDate "2017.??.??"]

1. e4 e5 2. Nf3 Nc6 3. Bc4 Bc5 4. b4 Bxb4 5. c3 Ba5 6. Qb3 Qf6 7. d4 exd4 8.
O-O d3 9. e5 Qf5 10. Re1 Bb6 11. e6 dxe6 12. Ba3 Nge7 13. Qd1 O-O 14. Bxd3 Qf6
15. Qc2 h6 16. Nbd2 e5 17. Ne4 Qe6 18. Ned2 Re8 19. Rad1 Bd7 20. Nc4 f6 21.
Ncd2 Qf7 22. Bh7+ Kh8 23. Nh4 Bg4 24. Ng6+ Nxg6 25. Bxg6 Bxd1 26. Rxd1 Qg8 27.
Bxe8 Qxe8 28. Nf3 Rd8 29. Re1 Qd7 30. Qg6 Qd3 31. Qf7 Qd7 32. Qg6 Qd5 33. Qc2
Qd3 34. Qc1 e4 35. Nh4 Qd2 36. Ng6+ Kg8 37. Qb1 Bxf2+ 38. Kf1 Qxe1+ 39. Qxe1
Bxe1 40. Kxe1 0-1

[Event "Mechanics' Fall TNM; G/2 d5"]
[Site "San Francisco"]
[Date "2017.11.14"]
[Round "4.41"]
[White "Casares Jr, Nick"]
[Black "Shinejil, Maximus"]
[Result "1-0"]
[WhiteElo "1600"]
[BlackElo "931"]
[PlyCount "25"]
[EventDate "2017.??.??"]

1. e4 e5 2. f4 Nc6 3. Nf3 f6 4. Bc4 Bc5 5. c3 d6 6. d4 Bg4 7. dxc5 Nge7 8. O-O
h5 9. h3 Bxh3 10. gxh3 g5 11. fxg5 fxg5 12. Nxg5 Rf8 13. Qxh5+ 1-0

[Event "Mechanics' Summer TNM; G/2 d5"]
[Site "San Francisco"]
[Date "2017.07.18"]
[Round "8.24"]
[White "Casares Jr, Nick"]
[Black "Than, Maung Nyunt"]
[Result "1-0"]
[WhiteElo "1611"]
[BlackElo "1175"]
[Annotator "Donaldson"]
[PlyCount "73"]
[EventDate "2017.??.??"]

1. e4 c5 2. Nf3 g6 3. d4 cxd4 4. Nxd4 Bg7 5. Nc3 Nc6 6. Be3 Nf6 7. f3 Qb6 $4 {
Diagram [#]} (7... O-O 8. Nb3 (8. Bc4 Qb6) (8. Qd2 d5 $1) 8... d6) 8. Na4 $2 (
8. Nf5 $1 {wins} Qxb2 9. Nxg7+ Kf8 10. Na4 Qb4+ 11. c3 Qa5 12. Bh6 Ng8 13. Ne6+
Ke8 14. Bg7) 8... Qb4+ 9. c3 Qa5 10. Nxc6 bxc6 11. Nc5 O-O 12. Qd2 d6 13. Nb3
Qc7 14. Bd3 Rd8 15. O-O Be6 16. Nd4 Bd7 17. Kh1 d5 18. Rae1 dxe4 19. Bxe4 Nxe4
20. fxe4 c5 21. Nf3 Bb5 22. Qf2 Bxf1 23. Rxf1 Rd6 24. Bxc5 Rd7 25. e5 e6 26.
Bd6 Qb6 27. Bc5 Qb7 28. Bd4 h6 29. b3 a5 30. Qe2 Bf8 31. Nd2 Rad8 32. Ne4 Rxd4
33. Nf6+ Kg7 34. cxd4 Rxd4 35. Qf2 Rd3 36. Qf4 Qc7 $4 37. Ne8+ 1-0

[Event "Mechanics' Peter Grey TNM; G/2 d5"]
[Site "San Francisco"]
[Date "2017.08.29"]
[Round "4.36"]
[White "Casares Jr, Nick"]
[Black "Than, Maung Nyunt"]
[Result "0-1"]
[WhiteElo "1600"]
[BlackElo "1355"]
[Annotator "Donaldson"]
[PlyCount "46"]
[EventDate "2017.??.??"]

1. e4 c5 2. Nf3 g6 3. d4 cxd4 4. Qxd4 Nf6 5. e5 Nc6 6. Qc3 (6. Qa4) 6... Nd5 7.
Qd3 Ndb4 8. Qc3 Bg7 9. Bf4 $2 (9. a3) 9... Nd5 10. Qd2 Nxf4 11. Qxf4 Qa5+ (
11... Nxe5) 12. c3 Nxe5 13. Nd4 Nd3+ $4 14. Bxd3 O-O (14... e5 15. Nb3) 15. Nb3
Qd5 16. Qe4 Qg5 17. f4 Qf6 18. O-O d6 19. Nd4 Rb8 20. Nd2 Rd8 21. Rae1 a6 22.
Nc4 b5 23. Na5 e6 {Both scoresheets have notation issues from this point
forward. White is winning but later lost.} 0-1